[Event "ARM-ch Rapid"]
[Site "Yerevan"]
[Date "2021.03.02"]
[Round "2"]
[White "Gharagyozyan, Artur"]
[Black "Harutyunian, Tigran K"]
[Result "0-1"]
[WhiteElo "2183"]
[BlackElo "2539"]
[PlyCount "134"]
[EventDate "2021.03.02"]
[EventType "swiss (rapid)"]
[EventRounds "9"]
[EventCountry "ARM"]
[SourceTitle "CBM 201 Extra"]
[Source "ChessBase"]
[SourceDate "2021.05.31"]
[SourceVersion "1"]
[SourceVersionDate "2021.05.31"]
[SourceQuality "1"]

1. e4 c5 2. Nf3 Nc6 3. d4 cxd4 4. Nxd4 e5 5. Nb5 d6 6. N1c3 a6 7. Na3 b5 8. Nd5 Nf6 9. Bg5 Be7 10. Bxf6 Bxf6 11. c4 b4 12. Nc2 a5 13. g3 h5 14. h4 g6 15. Bh3 Bb7 16. 0-0 Bg7 17. Qd3 0-0 18. Rad1 Bc8 19. Bxc8 Rxc8 20. Nde3 Qb6 21. b3 Qa7 22. Qe2 Rcd8 23. Rd5 Rfe8 24. Qd3 Bf8 25. Kg2 Nb8 26. c5 Nd7 27. cxd6 Nf6 28. Nc4 Nxd5 29. Qxd5 Re6 30. Rd1 Rdxd6 31. Nxd6 Rxd6 32. Qxd6 Bxd6 33. Rxd6 Qc7 34. Rd2 Qc3 35. Re2 Qb2 36. Kf1 Qxa2 37. Nxb4 Qb1+ 38. Re1 Qxb3 39. Nd5 a4 40. Re3 Qb1+ 41. Kg2 Kg7 42. Nc3 Qb4 43. Na2 Qb2 44. Nc3 a3 45. Kf3 Qb3 46. Kg2 a2 47. Nxa2 Qxa2 48. Kg1 Qc2 49. Kg2 Kf6 50. Re1 Ke6 51. Re3 f5 52. exf5+ gxf5 53. Re1 Kd5 54. Ra1 Qe4+ 55. Kg1 Qd4 56. Ra5+ Ke4 57. Kg2 Qd1 58. Ra3 f4 59. gxf4 exf4 60. f3+ Kd4 61. Ra2 Qe1 62. Ra4+ Ke5 63. Re4+ Qxe4 64. fxe4 Kxe4 65. Kf2 f3 66. Kf1 Kf4 67. Kf2 Ke5 0-1

[Event "Sochi"]
[Site "Sochi"]
[Date "2019.05.22"]
[Round "4"]
[White "Gharagyozyan, Artur"]
[Black "Davtyan, Artur"]
[Result "0-1"]
[WhiteElo "2321"]
[BlackElo "2430"]
[PlyCount "76"]
[EventDate "2019.05.21"]
[EventType "tourn"]
[EventRounds "9"]
[EventCountry "RUS"]
[EventCategory "7"]
[SourceTitle "CBM 190 Extra"]
[Source "ChessBase"]
[SourceDate "2019.07.15"]
[SourceVersion "1"]
[SourceVersionDate "2019.07.15"]
[SourceQuality "1"]

1. e4 e5 2. Nf3 Nc6 3. d4 exd4 4. Nxd4 Bc5 5. Be3 Qf6 6. Nb5 Bxe3 7. fxe3 Qh4+ 8. g3 Qd8 9. N1c3 a6 10. Nd4 Nge7 11. Qh5 d6 12. Bh3 Ne5 13. Bxc8 Qxc8 14. 0-0-0 Qg4 15. Qxg4 Nxg4 16. Rde1 0-0-0 17. h3 Ne5 18. Rhf1 h5 19. Nf5 Nxf5 20. exf5 Rde8 21. e4 Nd7 22. Kd2 Re5 23. Rf4 Nf6 24. Re2 b5 25. a3 Kb7 26. Rh4 Rhe8 27. Kd3 Rd8 28. Ke3 d5 29. Kf3 dxe4+ 30. Nxe4 Rxf5+ 31. Rf4 Rxf4+ 32. gxf4 Nxe4 33. Rxe4 Rd2 34. Re7 f6 35. Rxg7 Rxc2 36. Rf7 Rxb2 37. Rxf6 Rb3+ 38. Ke4 Rxa3 0-1

[Event "Sochi Archibald op 1st"]
[Site "Sochi"]
[Date "2019.05.18"]
[Round "8"]
[White "Gharagyozyan, Artur"]
[Black "Gareyev, Timur"]
[Result "0-1"]
[WhiteElo "2321"]
[BlackElo "2570"]
[PlyCount "84"]
[EventDate "2019.05.12"]
[EventType "swiss"]
[EventRounds "9"]
[EventCountry "RUS"]
[SourceTitle "CBM 190 Extra"]
[Source "ChessBase"]
[SourceDate "2019.07.15"]
[SourceVersion "1"]
[SourceVersionDate "2019.07.15"]
[SourceQuality "1"]

1. e4 e5 2. Nf3 Nc6 3. Bb5 f5 4. Nc3 fxe4 5. Nxe4 Nf6 6. Nxf6+ Qxf6 7. Qe2 Be7 8. Bxc6 bxc6 9. Qxe5 0-0 10. 0-0 d6 11. Qxf6 Bxf6 12. d4 Bg4 13. Be3 a5 14. Nd2 Bf5 15. c3 a4 16. b4 a3 17. Rac1 Be6 18. Rc2 Bf5 19. Rcc1 Rfe8 20. Rfe1 Be6 21. Rc2 Bf5 22. Rcc1 g5 23. f3 h5 24. Kf2 g4 25. Bf4 Rf8 26. Ne4 Bg7 27. g3 Be6 28. Nxd6 Bxa2 29. Nb7 Bd5 30. Na5 Bxf3 31. Ra1 c5 32. Be5 cxb4 33. cxb4 Bd5+ 34. Kg1 a2 35. Bxg7 Kxg7 36. Re5 c6 37. Rxh5 Rfb8 38. Nxc6 Bxc6 39. Rg5+ Kf7 40. d5 Bd7 41. Rf1+ Ke7 42. Re1+ Kf6 0-1

[Event "Sochi Archibald op 1st"]
[Site "Sochi"]
[Date "2019.05.14"]
[Round "3"]
[White "Oganian, Miran"]
[Black "Gharagyozyan, Artur"]
[Result "1-0"]
[WhiteElo "2415"]
[BlackElo "2321"]
[PlyCount "159"]
[EventDate "2019.05.12"]
[EventType "swiss"]
[EventRounds "9"]
[EventCountry "RUS"]
[SourceTitle "CBM 190 Extra"]
[Source "ChessBase"]
[SourceDate "2019.07.15"]
[SourceVersion "1"]
[SourceVersionDate "2019.07.15"]
[SourceQuality "1"]

1. d4 Nf6 2. Nf3 d5 3. c4 e6 4. Nc3 c6 5. e3 Nbd7 6. Qc2 Bd6 7. b3 0-0 8. Be2 dxc4 9. bxc4 e5 10. 0-0 Re8 11. Rd1 Qe7 12. c5 Bc7 13. Ba3 h5 14. d5 Nxc5 15. Na4 b6 16. Nxc5 Bd6 17. dxc6 bxc5 18. Rac1 e4 19. Nd2 Qc7 20. h3 Qxc6 21. Bxc5 Bxc5 22. Qxc5 Qxc5 23. Rxc5 Rd8 24. Nb3 Rxd1+ 25. Bxd1 g6 26. Nd4 Bd7 27. Ra5 Rc8 28. Bb3 Rc7 29. Kh2 Kg7 30. Kg3 Nh7 31. Kf4 f5 32. Ke5 Bc8 33. Kd6 Rd7+ 34. Kc6 Nf6 35. Ne6+ Kh6 36. Nc5 Re7 37. Kd6 Rg7 38. Ba4 h4 39. Bc6 g5 40. Rb5 Ng8 41. Bd7 Rg6+ 42. Ke5 Bxd7 43. Nxd7 Ne7 44. Rb7 Ra6 45. Nf6 Ra5+ 46. Ke6 Nc6 47. Rd7 Kg6 48. Nd5 Ra6 49. Rd6 Kh5 50. Kf6 Ra5 51. Rxc6 Rxd5 52. Rc8 Rd6+ 53. Kxf5 Rd5+ 54. Kxe4 Rd2 55. Kf3 Rxa2 56. g3 hxg3 57. Kxg3 a5 58. Rh8+ Kg6 59. h4 gxh4+ 60. Rxh4 a4 61. Kf3 a3 62. Ra4 Kf5 63. Ra5+ Ke6 64. e4 Kd6 65. Ke3 Kc6 66. f4 Rh2 67. Kd4 a2 68. f5 Kb6 69. Ra3 Rd2+ 70. Ke5 Rc2 71. Kf4 Rf2+ 72. Ke5 Rc2 73. Kf6 Kb5 74. Kg5 Kb4 75. Ra8 Rg2+ 76. Kf6 Kb3 77. e5 Re2 78. e6 Kc4 79. e7 Kd5 80. Rxa2 1-0

[Event "Sochi Amateur op 6th"]
[Site "Sochi"]
[Date "2019.04.13"]
[Round "9"]
[White "Gharagyozyan, Artur"]
[Black "Arkhipenko, Daniil"]
[Result "1-0"]
[WhiteElo "2298"]
[BlackElo "2160"]
[PlyCount "58"]
[EventDate "2019.04.07"]
[EventType "swiss"]
[EventRounds "9"]
[EventCountry "RUS"]
[SourceTitle "CBM 189 Extra"]
[Source "ChessBase"]
[SourceDate "2019.06.03"]
[SourceVersion "1"]
[SourceVersionDate "2019.06.03"]
[SourceQuality "1"]

1. e4 e6 2. Qe2 Ne7 3. Nf3 d5 4. d3 c5 5. g3 Nbc6 6. Bg2 g6 7. h4 h6 8. 0-0 Bg7 9. Re1 b6 10. Nbd2 Bb7 11. Nf1 Qd7 12. e5 0-0-0 13. c3 Kb8 14. Bf4 Rc8 15. a3 Ba6 16. b4 c4 17. d4 Bb7 18. a4 Rcg8 19. a5 b5 20. N1h2 a6 21. Ng4 Rf8 22. Qd2 Ng8 23. Bh3 Ka7 24. Bg2 Qd8 25. Kf1 Nge7 26. Qe2 Nf5 27. Qd1 Re8 28. Qc1 Bc8 29. Qb2 Ref8 1-0

[Event "Sochi Amateur op 6th"]
[Site "Sochi"]
[Date "2019.04.12"]
[Round "8"]
[White "Vastrukhin, Oleg"]
[Black "Gharagyozyan, Artur"]
[Result "1/2-1/2"]
[WhiteElo "2413"]
[BlackElo "2298"]
[PlyCount "94"]
[EventDate "2019.04.07"]
[EventType "swiss"]
[EventRounds "9"]
[EventCountry "RUS"]
[SourceTitle "CBM 189 Extra"]
[Source "ChessBase"]
[SourceDate "2019.06.03"]
[SourceVersion "1"]
[SourceVersionDate "2019.06.03"]
[SourceQuality "1"]

1. g3 c5 2. Bg2 d5 3. d3 Nc6 4. e4 Nf6 5. exd5 Nxd5 6. Nc3 Nxc3 7. bxc3 g6 8. Ne2 Bg7 9. 0-0 0-0 10. Be3 Qd6 11. Rb1 Rb8 12. h3 b6 13. Qd2 Bb7 14. c4 Rfd8 15. Bh6 Bh8 16. Bf4 e5 17. Bg5 Rd7 18. Rfe1 Na5 19. Bxb7 Rbxb7 20. Qe3 f6 21. Bh6 Bg7 22. h4 Nc6 23. Bxg7 Kxg7 24. Kg2 h5 25. a3 Rb8 26. Nc3 Nd4 27. Rb2 Rf8 28. Qe4 Re7 29. Nb5 Nxb5 30. Rxb5 f5 31. Qe3 e4 32. dxe4 Rxe4 33. Qc3+ Qd4 34. Qxd4+ Rxd4 35. a4 Rxc4 36. a5 Rf6 37. Re7+ Rf7 38. Rxf7+ Kxf7 39. axb6 axb6 40. Rxb6 Rxc2 41. Kf3 Rd2 42. Rc6 Rd3+ 43. Kf4 Rd4+ 44. Ke3 Re4+ 45. Kd3 Re5 46. Rd6 Re1 47. Rc6 Re5 1/2-1/2

[Event "Belgrade ChessAmateur op 5th"]
[Site "Belgrade"]
[Date "2019.01.10"]
[Round "9"]
[White "Velickovic, Sasa"]
[Black "Gharagyozyan, Artur"]
[Result "0-1"]
[WhiteElo "2299"]
[BlackElo "2253"]
[PlyCount "70"]
[EventDate "2019.01.04"]
[EventType "swiss"]
[EventRounds "9"]
[EventCountry "SRB"]
[SourceTitle "CBM 188 Extra"]
[Source "ChessBase"]
[SourceDate "2019.02.26"]
[SourceVersion "1"]
[SourceVersionDate "2019.02.26"]
[SourceQuality "1"]

1. e4 e5 2. Nf3 Nc6 3. Bb5 Nge7 4. 0-0 g6 5. c3 a6 6. Ba4 Bg7 7. d4 b5 8. Bb3 exd4 9. Nxd4 0-0 10. Bg5 Nxd4 11. cxd4 h6 12. Be3 Bb7 13. Qd2 Kh7 14. Nc3 b4 15. Nd5 a5 16. a4 f5 17. Nxe7 Qxe7 18. e5 d6 19. f4 dxe5 20. dxe5 Rfd8 21. Qe2 Be4 22. Rfd1 c6 23. Rac1 g5 24. Qh5 gxf4 25. Bxf4 Rxd1+ 26. Bxd1 Rd8 27. Bf3 Qe6 28. Bxe4 fxe4 29. Qe2 Qd5 30. Rc4 Bxe5 31. Bxe5 Qxe5 32. h3 e3 33. Qc2+ Kh8 34. Rxc6 e2 35. Rxh6+ Kg8 0-1

[Event "Poti op 13th"]
[Site "Poti"]
[Date "2018.07.20"]
[Round "9"]
[White "Gharagyozyan, Artur"]
[Black "Janiashvili, Mariam"]
[Result "1/2-1/2"]
[WhiteElo "2302"]
[BlackElo "1988"]
[PlyCount "46"]
[EventDate "2018.07.13"]
[EventType "swiss"]
[EventRounds "9"]
[EventCountry "GEO"]
[SourceTitle "CBM 185 Extra"]
[Source "ChessBase"]
[SourceDate "2018.07.29"]
[SourceVersion "1"]
[SourceVersionDate "2018.07.29"]
[SourceQuality "1"]

1. e4 d6 2. d4 Nf6 3. Nc3 e5 4. dxe5 dxe5 5. Qxd8+ Kxd8 6. Bg5 Be6 7. Nd5 Nbd7 8. Nxf6 gxf6 9. Be3 Bc5 10. Bxc5 Nxc5 11. f3 Ke7 12. Ne2 Rad8 13. Nc3 c6 14. Rd1 Rhg8 15. g4 a5 16. a3 b5 17. Rxd8 Rxd8 18. Be2 Bc8 19. Nd1 Ne6 20. Ne3 Nf4 21. h4 Ba6 22. Bf1 Rg8 23. a4 Rb8 1/2-1/2

[Event "Poti op 13th"]
[Site "Poti"]
[Date "2018.07.14"]
[Round "2"]
[White "Benidze, Davit"]
[Black "Gharagyozyan, Artur"]
[Result "1-0"]
[WhiteElo "2487"]
[BlackElo "2302"]
[PlyCount "94"]
[EventDate "2018.07.13"]
[EventType "swiss"]
[EventRounds "9"]
[EventCountry "GEO"]
[SourceTitle "CBM 185 Extra"]
[Source "ChessBase"]
[SourceDate "2018.07.29"]
[SourceVersion "1"]
[SourceVersionDate "2018.07.29"]
[SourceQuality "1"]

1. Nf3 c5 2. g3 b6 3. Bg2 Bb7 4. 0-0 Nf6 5. c4 g6 6. d4 cxd4 7. Qxd4 Bg7 8. Nc3 0-0 9. Qh4 d6 10. Be3 Nbd7 11. Rfd1 Rc8 12. Rac1 a6 13. b3 Re8 14. Bh3 Rc7 15. g4 Qb8 16. g5 Bxf3 17. exf3 Ne5 18. Qg3 Nh5 19. Qg2 b5 20. f4 Nd7 21. Nd5 Rb7 22. cxb5 axb5 23. Bg4 e6 24. Bxh5 exd5 25. Bf3 Nb6 26. Bxd5 Nxd5 27. Qxd5 Bf8 28. a4 bxa4 29. bxa4 Rb4 30. Rd4 Rb3 31. Rdc4 Rb7 32. Kg2 Qa8 33. Kg3 h5 34. a5 Qb8 35. Bb6 h4+ 36. Kf3 Qa8 37. R1c3 Qa6 38. Re3 Rbe7 39. Rxe7 Rxe7 40. Kg4 Rb7 41. Kxh4 Re7 42. Kg3 Rb7 43. h3 Re7 44. Be3 Re6 45. Kg2 Be7 46. Rc6 Qe2 47. Rc8+ Kh7 1-0

[Event "Minsk rapid op2"]
[Site "Minsk"]
[Date "2018.06.27"]
[Round "3"]
[White "Gharagyozyan, Artur"]
[Black "Ianov, Viktor"]
[Result "1/2-1/2"]
[WhiteElo "2212"]
[BlackElo "2328"]
[PlyCount "130"]
[EventDate "2018.06.27"]
[EventType "swiss (rapid)"]
[EventRounds "9"]
[EventCountry "BLR"]
[SourceTitle "EXT 2021"]
[Source "ChessBase"]
[SourceDate "2020.10.23"]
[SourceVersion "1"]
[SourceVersionDate "2020.10.23"]
[SourceQuality "1"]

1. e4 d6 2. d4 Nf6 3. Nc3 c6 4. Be3 Ng4 5. Bc1 Qb6 6. Be2 Nf6 7. Nf3 Bg4 8. e5 Nd5 9. Nxd5 cxd5 10. 0-0 e6 11. exd6 Bxd6 12. Ne5 Bxe5 13. dxe5 Bxe2 14. Qxe2 Nc6 15. c3 0-0 16. Re1 d4 17. Qg4 Kh8 18. cxd4 Qxd4 19. Qxd4 Nxd4 20. Rd1 Rfd8 21. Bg5 Rd5 22. Kf1 h6 23. Be3 Nc2 24. Rxd5 Nxe3+ 25. fxe3 exd5 26. Rd1 Rd8 27. Rd4 Rc8 28. Rxd5 Rc7 29. a4 Kh7 30. b4 Kg6 31. Ra5 b6 32. Rb5 Kf5 33. a5 bxa5 34. bxa5 Ke4 35. Kf2 Rc2+ 36. Kg3 Rc7 37. a6 Rc6 38. Rb7 Rxa6 39. Rxf7 Rg6+ 40. Kf2 a6 41. e6 Rxe6 42. Rxg7 a5 43. Ra7 Re5 44. g4 Kd3 45. h4 Kc4 46. Kf3 Kb4 47. Ra6 a4 48. Rxh6 a3 49. Rb6+ Rb5 50. Ra6 Ra5 51. Rb6+ Kc3 52. Rb1 a2 53. Ra1 Kb2 54. Rxa2+ Rxa2 55. h5 Kc3 56. h6 Ra1 57. g5 Rh1 58. Ke4 Kc4 59. Ke5 Kd3 60. e4 Rh4 61. Kf5 Kd4 62. e5 Kd5 63. e6 Kd6 64. g6 Rh5+ 65. Kf6 Rxh6 1/2-1/2

[Event "Minsk rapid op2"]
[Site "Minsk"]
[Date "2018.06.27"]
[Round "5"]
[White "Tsaruk, Maksim"]
[Black "Gharagyozyan, Artur"]
[Result "1/2-1/2"]
[WhiteElo "2115"]
[BlackElo "2212"]
[PlyCount "121"]
[EventDate "2018.06.27"]
[EventType "swiss (rapid)"]
[EventRounds "9"]
[EventCountry "BLR"]
[SourceTitle "EXT 2021"]
[Source "ChessBase"]
[SourceDate "2020.10.23"]
[SourceVersion "1"]
[SourceVersionDate "2020.10.23"]
[SourceQuality "1"]

1. e4 Nf6 2. e5 Ng8 3. d4 d6 4. exd6 cxd6 5. Nf3 Nf6 6. Bd3 e6 7. 0-0 Be7 8. c4 0-0 9. Nc3 b6 10. h3 Bb7 11. Bf4 Nbd7 12. Re1 d5 13. cxd5 Nxd5 14. Bg3 Rc8 15. Rc1 Bb4 16. Qb3 Nxc3 17. bxc3 Be7 18. Ne5 Nxe5 19. Bxe5 Bd6 20. Qa4 a6 21. Be4 b5 22. Qc2 Bxe4 23. Qxe4 Bxe5 24. Qxe5 Rc4 25. Re3 Qd7 26. Rce1 g6 27. h4 Qd5 28. Qxd5 exd5 29. h5 Kg7 30. Re5 Rxc3 31. Rxd5 Ra3 32. hxg6 hxg6 33. Re2 Rc8 34. Rd7 Rc1+ 35. Kh2 Rc6 36. d5 Rf6 37. f3 Rd3 38. Kg3 Rf5 39. Ra7 Rf6 40. Rd7 b4 41. Ree7 a5 42. Ra7 Rxd5 43. Reb7 Rff5 44. Rb6 Rd2 45. Kh3 Rxa2 46. Rxb4 axb4 47. Rxa2 b3 48. Rb2 Rb5 49. Kg3 Kf6 50. Kf4 g5+ 51. Ke4 Kg6 52. Kd3 f5 53. Kc4 Rb8 54. Rxb3 Rxb3 55. Kxb3 Kh5 56. g3 f4 57. gxf4 gxf4 58. Kc4 Kh4 59. Kd4 Kh5 60. Ke4 Kg6 61. Kxf4 1/2-1/2